000 01000cam a2200313 a 4500
001 13561008
003 OSt
005 20170207155132.0
008 040416s2005 maua 001 0 eng
010 _a 2004105796
020 _a1413001092 (student ed.)
020 _a1413010431 (instructor's ed.)
040 _aDLC
_cDLC
_dDLC
050 0 0 _aPE1408
_b.W94 2005
082 0 0 _a808/.042
_222
100 1 _aWyrick, Jean.
245 1 0 _aSteps to writing well :
_bwith additional readings /
_cJean Wyrick.
250 _a6th ed.
260 _aBoston :
_bThomson/Wadsworth,
_cc2005.
300 _axxvii, 650 p. :
_bill. (some col.) ;
_c24 cm.
500 _aIncludes index.
650 0 _aEnglish language
_xRhetoric.
650 0 _aReport writing
_vProblems, exercises, etc.
650 0 _aCollege readers.
906 _a7
_bcbc
_corigcop
_d3
_eepcn
_f20
_gy-gencatlg
942 _2lcc
_cBK
999 _c255388
_d255387